Movies Ben Affleck Directed or Wrote - Statistics

General Stats
  • This quiz has been taken 24 times
  • The average score is 5 of 8
Answer Stats
Year Movie % Correct
2012 Argo
94%
1997 Good Will Hunting
94%
2010 The Town
67%
2023 Air
61%
2007 Gone Baby Gone
56%
2016 Live by Night
44%
2021 The Last Duel
28%
2008 Gimme Shelter
6%
No matching quizzes found
Score Distribution
Percent of People with Each Score
Percentile by Number Answered
Your Score History
You have not taken this quiz